<?xml version="1.0" encoding="UTF-8"?>
<marc:record xmlns:marc="http://www.loc.gov/MARC21/slim">
   <marc:leader>00000nam a2200000 a 4500</marc:leader>
   <marc:datafield ind1="1" ind2=" " tag="100">
      <marc:subfield code="a">Horan, Paula</marc:subfield>
      <marc:subfield code="4">aut</marc:subfield>
      <marc:subfield code="e">Verfasser/-in</marc:subfield>
   </marc:datafield>
   <marc:datafield ind1=" " ind2=" " tag="653">
      <marc:subfield code="a">Naturheilmittel</marc:subfield>
   </marc:datafield>
   <marc:datafield ind1=" " ind2=" " tag="653">
      <marc:subfield code="a">Gesundheit</marc:subfield>
   </marc:datafield>
   <marc:datafield ind1=" " ind2=" " tag="653">
      <marc:subfield code="a">Therapie</marc:subfield>
   </marc:datafield>
   <marc:datafield ind1=" " ind2=" " tag="653">
      <marc:subfield code="a">Ratgeber</marc:subfield>
   </marc:datafield>
   <marc:datafield ind1=" " ind2=" " tag="653">
      <marc:subfield code="a">Ozon</marc:subfield>
   </marc:datafield>
   <marc:datafield ind1="0" ind2="0" tag="245">
      <marc:subfield code="a">Ozon der unsichtbare Heiler</marc:subfield>
   </marc:datafield>
   <marc:datafield ind1="0" ind2="0" tag="245">
      <marc:subfield code="b">Ozon tötet Pilze, bakterien und Viren, entgiftet und fängt freie radikale.</marc:subfield>
   </marc:datafield>
   <marc:datafield ind1="0" ind2="0" tag="245">
      <marc:subfield code="c">Paula Horan</marc:subfield>
   </marc:datafield>
   <marc:datafield ind1=" " ind2="1" tag="264">
      <marc:subfield code="a">Aitrang</marc:subfield>
      <marc:subfield code="b">Windpferd Verlg.</marc:subfield>
      <marc:subfield code="c">2003</marc:subfield>
   </marc:datafield>
   <marc:datafield ind1=" " ind2=" " tag="250">
      <marc:subfield code="a">1.Aufl.</marc:subfield>
   </marc:datafield>
   <marc:datafield ind1="1" ind2=" " tag="520">
      <marc:subfield code="a">Mit Ozon kann man heilen - und: Deutschland ist weltweit das Land, in dem Ozontherapie am weitesten entwickelt ist und sehr häufig angewendet wird. Die Ozontherapie ist eine anerkannte Verjüngungs- und Revitalisierungs-Behandlung, denn die besondere Struktur des Ozons macht es zu einem der besten "Fänger" für die zu Recht gefürchteten freien Radikalen. Ozon gilt außerdem als das Mittel, um Bakterien, Viren und Pilze zu eliminieren. Wir kennen Ozon auch als Schutzschild unserer Erde. Es bildet sich in der Atmosphäre durch UV-Strahlung und bietet der Erde und seinen Bewohnern dann genau vor diesen UV-Strahlen - die mithalfen, es zu erzeugen - , wiederum Schutz. Außerdem: steigt der Ozongehalt in der Luft, können wir sicher sein: die Umweltverschmutzung hat zugenommen. Ozon hat also zwei Seiten, eine gefahrvolle und eine schützende bzw. heilende: für die Erde wie für den Menschen. Ozon darf nicht als Gas eingeatmet werden. Zum medizinischen Gebrauch wird es aus reinem Sauerstoff hergestellt und unter Umgehung der Atemwege als Ozon-Sauerstoff-Gemisch angewendet. Dann ist es ein Heilmittel. Den Zellen bringt Ozon Sauerstoff, es entgiftet Leber und Nieren, desinfiziert und lässt Wunden besonders schnell heilen. Um erste Erfahrungen zu sammeln, kann man ozonisiertes Olivenöl (Fisteln, Fußpilz etc.), ozonisiertes Wasser (Wunden, Verbrennungen, Herpes, Candida etc.) oder andere kosmetische Produkte einsetzen.</marc:subfield>
   </marc:datafield>
   <marc:datafield ind1=" " ind2=" " tag="020">
      <marc:subfield code="a">3893854185</marc:subfield>
      <marc:subfield code="9">3893854185</marc:subfield>
   </marc:datafield>
   <marc:datafield ind1=" " ind2=" " tag="300">
      <marc:subfield code="a">230 S.</marc:subfield>
   </marc:datafield>
</marc:record>
